000 00273nam a22001097a 4500
003 OSt
008 250207b |||||||| |||| 00| 0 eng d
041 _aeng
100 _aChakravarty, A
_97103
245 _aPost Harvest Technology of Cereals, Pulses and Oil Seeds
942 _cBK
999 _c19334
_d19334